| 000 | 00710nam a2200205 i 4500 | ||
|---|---|---|---|
| 001 | 92170 | ||
| 003 | ES-MaACL | ||
| 005 | 20250302183634.0 | ||
| 007 | t| | ||
| 008 | 050222s1977 sp ||||1| spa d | ||
| 245 | 0 | 0 |
_aLibertad de expresión, reunión y asociación / _cGregorio Peces-Barba, Tomás Quadra-Salcedo, José María Mohedano... |
| 260 |
_aValencia : _bFernando Torres, _c[1977] |
||
| 300 |
_a170 p. ; _c22 cm. |
||
| 490 | 1 |
_aInterdisciplinar 2 ; _vv. 41 |
|
| 650 | 1 | 4 |
_aDerechos políticos y civiles- _zEspaña. _911781 |
| 700 | 1 |
_aPeces-Barba, Gregorio, _d1938- _989835 |
|
| 830 | 0 |
_aInterdisciplinar 2 ; _vv. 41 _9185018 |
|
| 852 |
_aES-MaACL _jA-6895 _bR.95974 |
||
| 999 |
_c92170 _d92170 |
||